000 00273nam a22001217a 4500
008 181210b xxu||||| |||| 00| 0 eng d
041 _aeng
080 _a510
100 _a37
101 _amat
245 _aLinear Algebra Group Theory
_cRichard..A.S
942 _2udc
_cBK
999 _c53117
_d53117